000 00964nas a2200277 4500
001 BR8601344
003 BR-BrBNA
005 20231205090357.0
007 ta
008 230509b bl.|||p| |||| 00| 00por d
040 _aBR-BrBNA
_bpor
_cBiblioteca Nacional de Agricultura
041 _a(Pt)
072 _aH60
100 1 _aGiaretta, H.
100 1 _aCatalogne, E.V. de A.
100 1 _aJamardo, A.
245 1 _aSementes nocivas que ocorreram em especies de sementes forrageiras analisadas no Rio Grande do Sul, durante os anos de 1979, 1980 e 1981
246 1 _aOccurrence of weed seeds in forage seeds analyzed in Rio Grande do Sul, from 1979 through 1981
650 _aPLANTA FORRAGEIRA
650 _aSEMENTE
650 _aERVA DANINHA
650 _aRIO GRANDE DO SUL
773 0 _tAgronomia Sulriograndense (Brazil)
_xISSN 0400-8111
_g(1983), v. 19(2) p. 113-138
_wBR8601344
909 _a202311
_bLúcia
_c55
_dLúcia Elande
942 _2AGRIS
_n0
_cANA
999 _c118002
_d118002